[Event "JUG-chT FL"]
[Site "Arandjelovac"]
[Date "1990.??.??"]
[Round "2"]
[White "Kovacevic, Predrag"]
[Black "Novoselski, Zoran"]
[Result "1-0"]
[WhiteElo "2390"]
[BlackElo "2355"]

1.e4 c5 2.Nf3 e6 3.Nc3 Nc6 4.d4 cxd4 5.Nxd4 Nf6 6.g3 Bc5 7.Nb3 Bb4 8.Bg2 d5
9.exd5 Nxd5 10.a3 Bxc3+ 11.bxc3 Qf6 12.O-O O-O 13.c4 Nde7 14.Qe2 Nf5 15.Rb1 Nfd4
16.Nxd4 Nxd4 17.Qe4 e5 18.f4 Qg6 19.Qxe5 Nc6 20.Qc3 Bf5 21.Rxb7 Rad8 22.Bd5 Nb8
23.Re1 Rd7 24.Re7 Rxb7 25.Rxb7 Nd7 26.Be3 h5 27.Bd4 Nb6 28.Bxb6 axb6 29.Qe3 h4
30.Rxf7 Rxf7 31.Qe8+ Kh7 32.Qxf7 Qg4 33.Kf2 hxg3+ 34.hxg3 Kh6 35.Qe7 Bxc2
36.Qe6+ Qxe6 37.Bxe6 Bb3 38.Ke3 Kg6 39.Kd4 Kf6 40.Bg4 g5 41.Kc3 Ba4 42.Kb4 Bc6
43.c5  1-0

[Event "JUG-chT FL"]
[Site "Arandjelovac"]
[Date "1990.??.??"]
[Round "5"]
[White "Saric, Natasa"]
[Black "Konarkowska Sokolov, Henrijeta"]
[Result "1/2-1/2"]
[WhiteElo "2100"]
[BlackElo "2095"]

1.e4 c5 2.Ne2 Nc6 3.Nbc3 e6 4.d4 cxd4 5.Nxd4 Qc7 6.g3 a6 7.Bg2 d6 8.O-O Bd7
9.Re1 Be7 10.Be3 Nf6 11.f4 Nxd4 12.Bxd4 e5 13.Be3 O-O 14.Nd5 Nxd5 15.Qxd5 Bc6
16.Qd2 b5 17.Rad1 Qb7 18.Bf2 Rfe8 19.Qe3 Rac8 20.Qb6 Rc7 21.c3  1/2-1/2

[Event "JUG-chT FL"]
[Site "Arandjelovac"]
[Date "1990.??.??"]
[Round "7"]
[White "Kontic, Djordje"]
[Black "Kocovski, Ivan"]
[Result "0-1"]
[WhiteElo "2345"]
[BlackElo "2255"]

1.e4 c5 2.Ne2 Nc6 3.Nbc3 e6 4.d4 cxd4 5.Nxd4 a6 6.Be2 Nf6 7.O-O Qc7 8.Be3 Be7
9.f4 d6 10.Bf3 O-O 11.Nxc6 bxc6 12.Na4 Rb8 13.c4 c5 14.b3 Bb7 15.Nc3 Rbd8
16.g4 Nd7 17.Qd2 Nb8 18.Qf2 Nc6 19.Ne2 e5 20.f5 Nd4 21.Nc3 h6 22.Qd2 Rb8
23.g5 hxg5 24.Bxg5 Bxg5 25.Qxg5 Qd8 26.Qg3 Qf6 27.Rf2 Qh6 28.Bg2 Kh7 29.Nd1 Rh8
30.f6 g6 31.Ne3 Rbd8 32.Ng4 Qh5 33.Bf3 Kg8 34.Re1 Qg5 35.Bd1 Ne6 36.Bf3 Nf4
37.Bg2 Bc8 38.h3 Bxg4 39.hxg4 Rh4 40.Kf1 Rxg4 41.Qf3 Rg3  0-1

[Event "JUG-chT FL"]
[Site "Arandjelovac"]
[Date "1990.??.??"]
[Round "9"]
[White "Pavlovic, Milos"]
[Black "Barlov, Dragan"]
[Result "1-0"]
[WhiteElo "2465"]
[BlackElo "2495"]

1.e4 c5 2.Nf3 e6 3.d4 cxd4 4.Nxd4 Nc6 5.Nc3 Qc7 6.Be2 a6 7.O-O Nf6 8.Be3 b5
9.Nxc6 dxc6 10.f4 b4 11.Na4 Nxe4 12.Bf3 Nf6 13.Bb6 Qd6 14.Bxc6+ Bd7 15.Bxa8 Bxa4
16.Qxd6 Bxd6 17.Bf3 Ke7 18.Be3 Rc8 19.Rac1 Nd5 20.Bxd5 exd5 21.Rfd1 Ke6 22.Rd2 f6
23.Re1 Bc6 24.Bc5+ Kd7 25.Bxd6 Kxd6 26.Re3 Bd7 27.a3 a5 28.axb4 axb4 29.Red3 Be6
30.f5 Bf7 31.Rh3 h5 32.Rg3 Rg8 33.Rd4 Kc5 34.c3 bxc3 35.bxc3 Be8 36.Rh4 Kd6
37.Re3 Rf8 38.Rd4 Bf7 39.Ra4 Kc5 40.Ra7 g5 41.Ree7 Bg8 42.Kf2 Kc4 43.Ke3 d4+
44.cxd4 Bd5 45.Rac7+ Kb4 46.Kf2 h4 47.Rcd7 Bc4 48.d5 Ra8 49.Ra7 Rd8 50.Rad7 Ra8
51.Ra7 Rd8 52.Red7 Re8 53.d6 Re5 54.Rdb7+ Kc3 55.h3 Rxf5+ 56.Kg1 Rd5 57.d7 Rd1+
58.Kh2 Be6 59.Rc7+  1-0

[Event "AUT-chT"]
[Site "Austria"]
[Date "1990.??.??"]
[Round "?"]
[White "Schlosser, Michael"]
[Black "Duer, Arne"]
[Result "1-0"]
[WhiteElo "2340"]
[BlackElo "2390"]

1.e4 c5 2.Nf3 e6 3.d4 cxd4 4.Nxd4 Nc6 5.Nc3 Qc7 6.Be3 a6 7.f4 b5 8.e5 Bb7
9.Bd3 Nh6 10.Qe2 Rc8 11.a3 b4 12.axb4 Nxb4 13.Be4 Bxe4 14.Nxe4 Nxc2+ 15.Nxc2 Qxc2
16.Qxc2 Rxc2 17.Rxa6 Bb4+ 18.Kd1 Rc8 19.Ke2 O-O 20.Rc1 Rxc1 21.Bxc1 f6 22.Rb6 Be7
23.Rb7 Rd8 24.Be3 fxe5 25.fxe5 Nf7 26.Bb6 Re8 27.Bc7 Rc8 28.Nd6 Ra8 29.Nc4 Nd8
30.Bxd8 Rxd8 31.Nb6 Kf7 32.Rxd7 Rb8 33.Nc4 h5 34.Kd3 g5 35.Kc3 Ke8 36.Ra7 Kd8
37.Ra6 Bb4+ 38.Kd4 Kd7 39.Rb6 Rxb6 40.Nxb6+ Kc6 41.Nc4 Be1 42.h3 Bb4 43.Nd6 Bd2
44.Ne8 h4 45.Nf6 Bf4 46.Nh7 Bc1 47.Nf8 Bxb2+ 48.Ke4 Bc1 49.Nxe6 Kd7 50.Kf5 Ke7
51.Nxg5 Be3 52.Nf3 Bf2 53.e6 Bg3 54.Ne5 Ke8 55.Ng6 Bf2 56.Kg5 Be1 57.Nxh4 Ke7
58.Nf3 Bc3 59.Kf5 Bb2 60.g4 Ba1 61.g5 Bg7 62.h4 Bc3 63.h5 Kf8 64.Ne5 Bb4
65.h6 Bc3 66.h7 Kg7 67.e7 Kxh7 68.e8=Q  1-0

[Event "AUT-chT"]
[Site "Austria"]
[Date "1990.??.??"]
[Round "?"]
[White "Felsberger, Alfred"]
[Black "Duer, Arne"]
[Result "1/2-1/2"]
[WhiteElo "2315"]
[BlackElo "2390"]

1.e4 c5 2.Nf3 e6 3.d4 cxd4 4.Nxd4 Nc6 5.Nc3 d6 6.Be3 Nf6 7.Bc4 Be7 8.Qe2 O-O
9.O-O-O Qc7 10.Bb3 a6 11.g4 Nd7 12.Rhg1 Nc5 13.g5 Bd7 14.Rg3 Rfc8 15.Qh5 g6
16.Qh6 Bf8 17.Qh4 Nxb3+ 18.axb3 Be7 19.Qh6 Bf8 20.Qh4 Be7 21.Qh6 Bf8 22.Qh4 Be7
23.Qh6  1/2-1/2

[Event "Bad Wildbad"]
[Site "Bad Wildbad"]
[Date "1990.??.??"]
[Round "2"]
[White "Vogt, Lothar"]
[Black "Marciano, David"]
[Result "1/2-1/2"]
[WhiteElo "2505"]
[BlackElo "2325"]

1.e4 c5 2.Nf3 e6 3.d4 cxd4 4.Nxd4 Nc6 5.Nc3 Qc7 6.g3 a6 7.Bg2 Nf6 8.O-O Be7
9.Re1 O-O 10.Nxc6 dxc6 11.e5 Rd8 12.Bd2 Nd5 13.Qg4 b5 14.a4 Nxc3 15.Bxc3 Bb7
16.Qe4 Rab8 17.Qe2 b4 18.Bd2 c5  1/2-1/2

[Event "Bad Wildbad"]
[Site "Bad Wildbad"]
[Date "1990.??.??"]
[Round "3"]
[White "Marciano, David"]
[Black "Taimanov, Mark E"]
[Result "1-0"]
[WhiteElo "2325"]
[BlackElo "2505"]

1.e4 c5 2.Nf3 e6 3.d4 cxd4 4.Nxd4 Nc6 5.Nc3 a6 6.Be3 Nge7 7.f4 Nxd4 8.Qxd4 b5
9.Be2 Nc6 10.Qb6 Qxb6 11.Bxb6 Rb8 12.Be3 Bb7 13.O-O-O Be7 14.Rhe1 Rg8 15.h4 Na5
16.Bb6 Nc4 17.Bf2 Rc8 18.Bf3 h6 19.h5 Rf8 20.Bd4 f6 21.b3 Na3 22.Re2 Bd6
23.Be3 Bb4 24.Nb1 f5 25.e5 Bxf3 26.gxf3 Nxb1 27.Kxb1 Rc6 28.Bd2 Be7 29.Ba5 Rf7
30.Red2 Bc5 31.Rd3 Bf8 32.a3 Bc5 33.Kb2 Be7 34.Kb1 Bd8 35.Bxd8 Kxd8 36.Kb2 Kc7
37.Rd4 a5 38.c3 Rc5 39.a4 bxa4 40.Rxa4 Rf8 41.Rad4 Rf7 42.b4 axb4 43.cxb4 Rc6
44.Kb3 Rb6 45.R4d2 Re7 46.Rd6 Rf7 47.Rc1+ Kb7 48.Rd2 Rc6 49.Rcd1 Kb6 50.Rxd7 Rxd7
51.Rxd7 Rc1 52.Rxg7 Rf1 53.Rg6 Kb5 54.Rxh6 Rxf3+ 55.Kc2 Kxb4 56.Rxe6 Kc4
57.Rd6 Rxf4 58.h6 Rh4 59.Kd2 Kc5 60.Kd3 Rh3+ 61.Ke2 f4 62.Kf2 Kc4 63.e6 Rxh6
64.e7 Rxd6 65.e8=Q Rd4 66.Ke2 Kd5 67.Kf3 Kc4 68.Qe5 Kd3 69.Qc5 Rc4 70.Qa3+ Kc2
71.Kg4 f3+ 72.Kg3 Rc3 73.Qa2+ Kc1 74.Qf2 Kd1 75.Kf4 Rd3 76.Ke4 Rc3 77.Kd4 Ra3
78.Qb2 Ra7 79.Ke3 Re7+ 80.Kxf3 Rf7+ 81.Kg2 Rc7 82.Qb4 Rc2+ 83.Kf3  1-0

[Event "Bad Wildbad"]
[Site "Bad Wildbad"]
[Date "1990.??.??"]
[Round "11"]
[White "Vogt, Lothar"]
[Black "Taimanov, Mark E"]
[Result "1/2-1/2"]
[WhiteElo "2505"]
[BlackElo "2505"]

1.e4 c5 2.Nf3 Nc6 3.d4 cxd4 4.Nxd4 e6 5.Nc3 a6 6.g3 Nge7 7.Nb3 d6 8.a4 b6
9.Bg2 Bb7 10.O-O Nc8 11.f4  1/2-1/2

[Event "Bad Woerishofen op"]
[Site "Bad Woerishofen"]
[Date "1990.??.??"]
[Round "?"]
[White "Honfi, Karoly"]
[Black "Ninov, Kiril"]
[Result "1-0"]
[WhiteElo "2325"]
[BlackElo "2465"]

1.e4 c5 2.Nf3 e6 3.d4 cxd4 4.Nxd4 Nc6 5.Nc3 Qc7 6.Be2 a6 7.O-O Nf6 8.Kh1 Be7
9.f4 d6 10.Bf3 Bd7 11.Be3 O-O 12.Qe1 Nxd4 13.Bxd4 e5 14.Be3 Bc6 15.Rd1 exf4
16.Bxf4 Nd7 17.Qg3 Ne5 18.Be2 Bf6 19.Bh6 Ng6 20.Rxf6 gxf6 21.Bxf8 Kxf8 22.Qxd6+ Qxd6
23.Rxd6 Ke7 24.Rd2 Ne5 25.Kg1 Rg8 26.g3 Ke6 27.Kf2 f5 28.exf5+ Kxf5 29.Nd5 Re8
30.Rd4 Kg5 31.h4+ Kg6 32.Nf4+ Kf5 33.Nd3 f6 34.Nxe5 fxe5 35.Rd6 e4 36.Ke3 Rg8
37.g4+ Ke5 38.Rh6 Rg7 39.c3 Bd5 40.a4 a5 41.Rh5+ Ke6 42.Kd4  1-0

[Event "Bad Woerishofen op"]
[Site "Bad Woerishofen"]
[Date "1990.??.??"]
[Round "?"]
[White "Ermenkov, Evgenij"]
[Black "Bischoff, Klaus"]
[Result "1/2-1/2"]
[WhiteElo "2480"]
[BlackElo "2505"]

1.e4 c5 2.Nf3 e6 3.d4 cxd4 4.Nxd4 Nc6 5.Nc3 a6 6.Be2 Nge7 7.Bf4 Ng6 8.Bg3 Be7
9.O-O O-O 10.Nxc6 bxc6 11.Bd6 f6 12.Na4 Bxd6 13.Qxd6 Ne5 14.c4 Nf7 15.Qd2 d6
16.Rad1 c5 17.Qe3 Bd7 18.Nc3 Qe7 19.Rd2 Rfd8 20.Rfd1 Be8 21.f4 Rab8 22.b3 Bc6
23.Qh3  1/2-1/2

[Event "Bayamo"]
[Site "Bayamo"]
[Date "1990.??.??"]
[Round "3"]
[White "Paneque, Pedro"]
[Black "Garcia Martinez, Silvino"]
[Result "1-0"]
[WhiteElo "2380"]
[BlackElo "2415"]

1.e4 c5 2.Nf3 e6 3.d4 cxd4 4.Nxd4 Nc6 5.Nc3 Qc7 6.Be3 a6 7.Qd2 Nf6 8.f3 b5
9.g4 h6 10.O-O-O Ne5 11.Kb1 Bb7 12.Bd3 b4 13.Nce2 d5 14.exd5 Nxd5 15.Nf4 Nc4
16.Bxc4 Qxc4 17.Nxd5 Bxd5 18.b3 Qc7 19.Qe2 Qb7 20.Rd3 Be7 21.Rg1 a5 22.g5 h5
23.g6 O-O 24.Bg5 Bc5 25.Be3 a4 26.gxf7+ Rxf7 27.Nxe6 Bxe6 28.Bxc5 Bf5 29.Re3 axb3
30.axb3 Qd5 31.Bxb4 Rfa7 32.Re8+ Kh7 33.Rxa8 Rxa8 34.Bc3 Qxb3+ 35.Bb2 Qa2+
36.Kc1 Ra7 37.Qe5 Bg6 38.f4 Qf7 39.Rg5 Re7 40.f5 Rxe5 41.fxg6+ Qxg6 42.Rxg6  1-0

[Event "Bayamo"]
[Site "Bayamo"]
[Date "1990.??.??"]
[Round "4"]
[White "Garcia Martinez, Silvino"]
[Black "Zapata, Alonso"]
[Result "0-1"]
[WhiteElo "2415"]
[BlackElo "2480"]

1.e4 c5 2.Nf3 e6 3.d4 cxd4 4.Nxd4 Nc6 5.Nc3 Qc7 6.g3 d6 7.Bg2 Nxd4 8.Qxd4 Bd7
9.O-O Nf6 10.Re1 Be7 11.e5 dxe5 12.Rxe5 O-O 13.Bf4 Rfd8 14.Rg5 Qc8 15.Ne4 Ne8
16.Rh5 g6 17.Rh6 Qxc2 18.h4 Bc6 19.Qe3 Rd3  0-1

[Event "Bayamo"]
[Site "Bayamo"]
[Date "1990.??.??"]
[Round "6"]
[White "Yakovich, Yuri"]
[Black "Zapata, Alonso"]
[Result "0-1"]
[WhiteElo "2470"]
[BlackElo "2480"]

1.e4 c5 2.Nf3 e6 3.d4 cxd4 4.Nxd4 Nc6 5.Nc3 a6 6.g3 Nge7 7.Nb3 d6 8.a4 Bd7
9.a5 Nc8 10.Be3 Be7 11.Be2 O-O 12.O-O Qc7 13.Na4 Bf6 14.f4 N6e7 15.c3 Bc6
16.Bf3 e5 17.Nb6 Nxb6 18.axb6 Qd7 19.Na5 Rad8 20.Bg4 Qe8 21.Nxc6 Qxc6 22.Qa4 Rfe8
23.Rfd1 g6 24.Rd3 Qxa4 25.Rxa4 Bg7 26.Rc4 Nc6 27.f5 Bf6 28.h4 Be7 29.Ra4 Kg7
30.Ra1 Nb8 31.fxg6 hxg6 32.h5 gxh5 33.Bxh5 Nd7 34.Bf3 Nf6 35.Bf2 Rc8 36.Re1 Rc6
37.Bd1 Rc4 38.Bf3 Rec8  0-1

[Event "Bela Crkva op"]
[Site "Bela Crkva"]
[Date "1990.??.??"]
[Round "3"]
[White "Dvoirys, Semen I"]
[Black "Grunvald, I."]
[Result "1-0"]
[WhiteElo "2535"]
[BlackElo "2005"]

1.e4 c5 2.Nf3 e6 3.d4 cxd4 4.Nxd4 Nc6 5.Nc3 Qc7 6.f4 a6 7.Nf3 b5 8.Bd3 Bb7
9.O-O d6 10.Kh1 Be7 11.Qe1 Nf6 12.Qg3 O-O 13.e5 Nd7 14.Qh3 h6 15.exd6 Bxd6
16.f5 Rfe8 17.fxe6 Rxe6 18.Bf5  1-0

[Event "Bela Crkva op"]
[Site "Bela Crkva"]
[Date "1990.??.??"]
[Round "5"]
[White "Djuric, Stefan"]
[Black "Tosic, Miroslav"]
[Result "1-0"]
[WhiteElo "2495"]
[BlackElo "2375"]

1.e4 c5 2.Nf3 Nc6 3.d4 cxd4 4.Nxd4 e6 5.Nc3 d6 6.Be3 Nf6 7.Bc4 a6 8.Bb3 Na5
9.Qe2 b5 10.O-O-O Nxb3+ 11.cxb3 Qc7 12.Kb1 Be7 13.f3 O-O 14.g4 Qb7 15.h4 Nd7
16.Bg5 f6 17.Nxe6 fxg5 18.hxg5 Ne5 19.Nxf8 Bxf8 20.Rh4 Ng6 21.Rh2 Qe7 22.Qe3 Qe5
23.Rh5 Be6 24.Ne2 Qc5 25.Nd4 Re8 26.Rdh1 Be7 27.Qd2 Bd7 28.Nf5 Bf8 29.Rxh7 d5
30.b4 Qc6 31.exd5 Qc8 32.Qd3 Nf4 33.Rh8+ Kf7 34.Rxf8+  1-0

[Event "Belgrade-A"]
[Site "Belgrade"]
[Date "1990.??.??"]
[Round "7"]
[White "Ajanski, Jordan S"]
[Black "Kirov, Nino"]
[Result "0-1"]
[WhiteElo "2350"]
[BlackElo "2445"]

1.e4 c5 2.Nf3 Nc6 3.d4 cxd4 4.Nxd4 e6 5.Nc3 Qc7 6.f4 a6 7.Nf3 Bc5 8.Bd3 b5
9.Qe2 Nd4 10.Nxd4 Bxd4 11.Bd2 Bb7 12.a4 b4 13.Nd1 Bc5 14.Nf2 Ne7 15.O-O Ng6
16.Qh5 Rc8 17.Kh1 O-O 18.f5 exf5 19.exf5 Nf4 20.Bxf4 Qxf4 21.Ne4 Qh6 22.Qxh6 gxh6
23.Nf6+ Kh8 24.Rae1 Bd4 25.Ne4 Rg8 26.Re2 Rce8 27.b3 h5 28.h3 a5 29.Rfe1 Bd5
30.Kh2 h4 31.Bc4 Be5+ 32.Kh1 Bxc4 33.bxc4 Rc8 34.c5 f6 35.Rd1 Rg7 36.Rd3 Re7
37.Kg1 Rce8 38.Kf2 Bb2 39.Kf3 Re5 40.Rxd7 Rxf5+ 41.Kg4 Rxc5 42.Nxf6 h5+  0-1

[Event "Neukoelln"]
[Site "Berlin"]
[Date "1990.??.??"]
[Round "1"]
[White "Pedzich, Dominik"]
[Black "Luecke, Norbert"]
[Result "1/2-1/2"]
[WhiteElo "2405"]
[BlackElo "2350"]

1.e4 c5 2.Nf3 Nc6 3.Nc3 e6 4.d4 cxd4 5.Nxd4 a6 6.Be2 Qb6 7.Nb3 Nf6 8.Be3 Qc7
9.f4 d6 10.Bf3 Be7 11.O-O O-O 12.Qd2 b5 13.a4 b4 14.Ne2 Na5 15.Nxa5 Qxa5
16.c4 Rb8 17.Ba7 Rb7 18.Bd4 e5 19.Be3 Bg4 20.Kh1 Re8 21.Ng3 Bxf3 22.gxf3 exf4
23.Bxf4 Nh5 24.Nf5 Nxf4 25.Qxf4 Qe5 26.Qxe5 dxe5 27.Rad1 b3 28.Rd3 g6 29.Nxe7+ Rexe7
30.c5 Rec7 31.Rc1 Rb4 32.c6 Kf8 33.Rc5 a5 34.Rdc3 Rxa4 35.Rxb3 Rb4 36.Rxb4  1/2-1/2

[Event "Biel op"]
[Site "Biel"]
[Date "1990.??.??"]
[Round "2"]
[White "Wolter, Kai"]
[Black "Franzoni, Giancarlo"]
[Result "1/2-1/2"]
[WhiteElo "2270"]
[BlackElo "2455"]

1.e4 c5 2.Nf3 e6 3.d4 cxd4 4.Nxd4 Nc6 5.Nc3 Qc7 6.Be2 a6 7.O-O Nf6 8.Be3 Bb4
9.Na4 Be7 10.Nxc6 bxc6 11.Nb6 Rb8 12.Nxc8 Qxc8 13.e5 Nd5 14.Bc1 Bc5 15.c4 Ne7
16.b3 Qc7 17.Bb2 Ng6 18.Kh1 O-O 19.f4 d6 20.Bd3 Rfd8 21.Qh5 dxe5 22.Bxe5 Bd6
23.Bc3 Bxf4 24.Ba5 Qe5 25.Bxg6 hxg6 26.Qxe5 Bxe5 27.Rae1 Bd4 28.Bxd8 Rxd8
29.b4 e5 30.g4 f6 31.Rf3 Bb2 32.Re2 Rd1+ 33.Kg2 Bd4 34.Rf1 Rd3 35.Rf3 Rd1
36.Rf1  1/2-1/2

[Event "Biel-B"]
[Site "Biel"]
[Date "1990.??.??"]
[Round "9"]
[White "Gallagher, Joseph G"]
[Black "Cramling, Pia"]
[Result "1/2-1/2"]
[WhiteElo "2495"]
[BlackElo "2505"]

1.e4 c5 2.Nf3 e6 3.d4 cxd4 4.Nxd4 Nc6 5.Nc3 Qc7 6.f4 Nxd4 7.Qxd4 a6 8.Be3 b5
9.Be2 Bb7 10.O-O-O Rc8 11.Rd2 Nf6 12.Bf3 Qa5 13.Qa7 Qc7 14.e5 Bxf3 15.Qxc7 Rxc7
16.gxf3 Ng8 17.Ne4 Nh6 18.Rhd1 Nf5 19.Bb6 Rb7 20.Bc5 Rc7 21.Bb6 Rb7 22.Bc5 Rc7
23.Bxf8 Rxf8 24.Nd6+ Nxd6 25.Rxd6 Ra7 26.Rb6 Ke7 27.Rdd6 f6 28.Rd3  1/2-1/2

[Event "Biel-B"]
[Site "Biel"]
[Date "1990.??.??"]
[Round "10"]
[White "Brunner, Lucas"]
[Black "Barlov, Dragan"]
[Result "1-0"]
[WhiteElo "2475"]
[BlackElo "2495"]

1.e4 c5 2.Nf3 e6 3.d4 cxd4 4.Nxd4 Nc6 5.Nc3 a6 6.g3 d6 7.Bg2 Bd7 8.O-O Nf6
9.a4 Be7 10.Nxc6 Bxc6 11.a5 O-O 12.Be3 Qc7 13.Bb6 Qb8 14.Qe2 Nd7 15.Bd4 Qc7
16.Rfb1 Rac8 17.b4 Bf6 18.Bxf6 Nxf6 19.b5 Bd7 20.Rb3 Rb8 21.Rab1 Qxa5 22.bxa6 b5
23.e5 dxe5 24.Bb7 Rxb7 25.axb7 Qc7 26.Nxb5 Qxb7 27.Qxe5 h6 28.c4 Qc6 29.Nd6 Kh7
30.h3 Ra8 31.Nxf7 Qxc4 32.Qe3 Qd5 33.Ne5 Be8 34.Qd3+ Qxd3 35.Rxd3 Bg6 36.Nxg6 Kxg6
37.Rb6 e5 38.Re3 Re8 39.f4 e4 40.g4 Kh7 41.Rb5 Rd8 42.Rb7 Re8 43.Rb4 Ra8
44.Rd4 Ra2 45.Rd6 Rb2 46.g5 hxg5 47.fxg5 Ne8 48.Rc6 Rb5 49.h4 Re5 50.Kf2 Re7
51.Kg3 g6 52.Kf4 Ng7 53.Rxe4 Rf7+ 54.Kg4 Nh5 55.Rb4 Rd7 56.Rcb6 Ng7 57.Rb7 Rd1
58.Ra7 Kg8 59.Rb8+ Kh7 60.Rbb7 Kh8 61.h5  1-0

[Event "Biel op"]
[Site "Biel"]
[Date "1990.??.??"]
[Round "11"]
[White "Kunze, Markus"]
[Black "Schaufelberger, Heinz"]
[Result "1/2-1/2"]
[WhiteElo "2320"]
[BlackElo "2300"]

1.e4 c5 2.Nf3 e6 3.d4 cxd4 4.Nxd4 Nc6 5.Nc3 Qc7 6.Be2 Nf6 7.O-O a6 8.Kh1 Bb4
9.Nxc6 bxc6 10.f4 d5 11.e5 Nd7 12.Na4 Nb6 13.c4 O-O 14.Be3 Nxa4 15.Qxa4 Be7
16.c5 a5 17.Rab1 Bd7 18.a3 Rfb8 19.b3 Bc8 20.Qd4 f5 21.g4 Ba6 22.Bxa6 Rxa6
23.gxf5 exf5 24.Rg1 Rf8 25.Bd2 Ra7 26.Rg3 Qc8 27.Rbg1 Bh4 28.Rh3 Bd8 29.Bc3 Qe6
30.Qd1 g6 31.Bd4 Rff7 32.Rhg3 Rfb7 33.Rc3 Rb5 34.Qf3 Rab7 35.Qg3 Rg7 36.h4 Rbb7
37.Qe1 Kf8 38.Rh3 Kg8 39.Kh2 Rb5 40.Qd1 Be7 41.Qc2  1/2-1/2

[Event "Bielsko Biala op"]
[Site "Bielsko Biala"]
[Date "1990.??.??"]
[Round "9"]
[White "Petrienko, Vladimir"]
[Black "Skrobek, Ryszard"]
[Result "1/2-1/2"]
[WhiteElo "2440"]
[BlackElo "2405"]

1.e4 c5 2.Nf3 e6 3.Nc3 Nc6 4.d4 cxd4 5.Nxd4 Nf6 6.a3 Be7 7.Nxc6 bxc6 8.e5 Nd5
9.Ne4 Qc7 10.f4 f5 11.exf6 Nxf6 12.Bd3 Ba6 13.Nxf6+ Bxf6 14.O-O Bxd3 15.Qxd3 O-O
16.Rb1  1/2-1/2

[Event "Noviki-A"]
[Site "Budapest"]
[Date "1990.??.??"]
[Round "1"]
[White "Lau, Ralf"]
[Black "Fauland, Alexander"]
[Result "1-0"]
[WhiteElo "2460"]
[BlackElo "2480"]

1.e4 c5 2.Nf3 e6 3.d4 cxd4 4.Nxd4 Nc6 5.Nc3 Qc7 6.f4 a6 7.Nf3 Bc5 8.Bd3 d6
9.Qe2 Nd4 10.Nxd4 Bxd4 11.Bd2 Bd7 12.O-O-O Ne7 13.Qf3 O-O-O 14.Ne2 Bf6 15.Bc3 Bxc3
16.Nxc3 Nc6 17.Qe3 Kb8 18.Rd2 Qa5 19.Be2 Bc8 20.Rhd1 Qc7 21.a3 h6 22.h4 h5
23.Rd3 Ne7 24.g3 Bd7 25.Rxd6 Nd5 26.R6xd5 exd5 27.Nxd5 Qa5 28.Nb6 Kc7 29.Nc4 Qa4
30.Qb6+ Kb8 31.Ne5 f6 32.Qd6+ Ka8 33.Nxd7 Qxe4 34.Bxa6 Rxd7 35.Qxd7 Qe3+
36.Kb1  1-0

[Event "Spring op"]
[Site "Budapest"]
[Date "1990.??.??"]
[Round "3"]
[White "Berebora, Ferenc"]
[Black "Gostisa, Leon"]
[Result "0-1"]
[WhiteElo "2275"]
[BlackElo "2370"]

1.e4 c5 2.Nf3 Nc6 3.Nc3 e6 4.d4 cxd4 5.Nxd4 d6 6.Be3 Nf6 7.Bc4 a6 8.Qe2 Qc7
9.Bb3 b5 10.Nxc6 Qxc6 11.f3 Be7 12.a4 b4 13.a5 O-O 14.Na4 Bb7 15.O-O Nd7
16.Rfd1 Nc5 17.Nxc5 dxc5 18.Ba4 Qc8 19.Rd7 Bf6 20.Qc4 Bc6 21.Bxc6 Qxc6 22.Rad1 Rfc8
23.b3 Bd4 24.R1xd4 cxd4 25.Rxd4 Qxc4 26.Rxc4 Rxc4 27.bxc4 Rc8 28.c5 Kf8 29.Kf1 Ke7
30.Ke2 Kd7 31.Kd3 Rb8 32.Kc4 Rb5 33.Kb3 Rxa5  0-1

[Event "Spring op"]
[Site "Budapest"]
[Date "1990.??.??"]
[Round "3"]
[White "Feher, Gyula"]
[Black "Zila, Laszlo"]
[Result "0-1"]
[WhiteElo "2390"]
[BlackElo "2265"]

1.e4 c5 2.Nf3 e6 3.Nc3 Nc6 4.d4 cxd4 5.Nxd4 Nf6 6.Ndb5 d6 7.Bf4 e5 8.Bg5 a6
9.Na3 b5 10.Bxf6 gxf6 11.Nd5 f5 12.g3 fxe4 13.Bg2 Bg7 14.Bxe4 Be6 15.Qh5 Rc8
16.Rd1 Ne7 17.c3 Rc5 18.Nb4 Qb6 19.Qg5 Kf8 20.Qe3 f5 21.Bg2 e4 22.Nac2 Kf7
23.Nd4 Bc4 24.b3 a5 25.bxc4 axb4 26.O-O bxc3 27.Nxb5 Rxb5 28.cxb5 Qxe3 29.fxe3 Ke6
30.a4 Bh6 31.Kf2 Nd5 32.Rxd5 Kxd5 33.a5 Ra8 34.Ra1 c2 35.a6 Kc4 36.b6 Kd3
37.Ra3+ Kd2 38.b7 c1=Q 39.Ra2+ Kd1 40.Ra1 Bxe3+  0-1

[Event "Utasellato IM-B"]
[Site "Budapest"]
[Date "1990.??.??"]
[Round "3"]
[White "Zivkovic, Zarko"]
[Black "Horvath, Zoltan"]
[Result "1-0"]
[WhiteElo "2300"]
[BlackElo "2345"]

1.e4 c5 2.Nf3 e6 3.d4 cxd4 4.Nxd4 Nc6 5.Nc3 Qc7 6.Be2 a6 7.O-O Nf6 8.Kh1 Be7
9.f4 d6 10.Be3 O-O 11.Qe1 Nxd4 12.Bxd4 e5 13.fxe5 dxe5 14.Qg3 Bd6 15.Be3 Kh8
16.Rxf6 gxf6 17.Qh4 Be7 18.Nd5 Qd8 19.Bc5  1-0

[Event "Spring op"]
[Site "Budapest"]
[Date "1990.??.??"]
[Round "4"]
[White "Kubacsny, Laszlo"]
[Black "Los, Sander"]
[Result "0-1"]
[WhiteElo "2325"]
[BlackElo "2325"]

1.e4 c5 2.Nf3 e6 3.d4 cxd4 4.Nxd4 Nc6 5.Nc3 Qc7 6.Be3 a6 7.Qd2 b5 8.f3 b4
9.Na4 Bb7 10.O-O-O Nf6 11.g4 d6 12.Kb1 Be7 13.h4 O-O 14.h5 Nd7 15.g5 Nxd4
16.Qxd4 Rfc8 17.Rd2 Bc6 18.g6 Bxa4 19.gxh7+ Kh8 20.h6 Bf6 21.hxg7+ Bxg7 22.Qxg7+ Kxg7
23.Rg2+ Kh8 24.Bd3 Ne5 25.Bg5 Qd8 26.Bxd8 Rxd8 27.f4 Nxd3 28.cxd3 Rac8 29.Rhg1 Bc6
30.Rg5 d5 31.e5 d4 32.f5 exf5 33.Rxf5 Bd5 34.Rf4 Be6 35.Rh4 Bf5 36.Rg3 Re8  0-1

[Event "Spring op"]
[Site "Budapest"]
[Date "1990.??.??"]
[Round "5"]
[White "Berebora, Ferenc"]
[Black "Robovic, Saudin"]
[Result "1-0"]
[WhiteElo "2275"]
[BlackElo "2385"]

1.e4 c5 2.Nf3 e6 3.Nc3 Nc6 4.d4 cxd4 5.Nxd4 Qc7 6.f4 a6 7.Nxc6 Qxc6 8.Bd3 b5
9.Qe2 Bb7 10.Bd2 Ne7 11.a3 Ng6 12.O-O Bc5+ 13.Kh1 f6 14.Rf3 Bd4 15.a4 Bxc3
16.axb5 axb5 17.Rxa8+ Bxa8 18.Bxc3 Qd6 19.Qd2 e5 20.fxe5 Nxe5 21.Bxe5 Qxe5
22.Qb4 Bc6 23.Rf5 Qe7 24.Qxe7+ Kxe7 25.e5 Rg8 26.Kg1 h6 27.exf6+ gxf6 28.g3 Rg5
29.Rf4 d6 30.Rh4 h5 31.Kf2 Re5 32.Bg6 Be8 33.Bd3 Bc6 34.Be2 Be8 35.Bf3 Bg6
36.c3 Bf7 37.Re4 Bg6 38.Re1 Bf7 39.Ra1 Bd5 40.Bxd5 Rxd5 41.Re1+ Re5 42.Re3 Ke6
43.Rd3 Re4 44.Kf3 Rc4 45.b3 Rg4 46.h3 Rg8 47.Ke4 Rb8 48.Kd4 d5 49.Kc5 Ke5
50.Re3+ Kf5 51.Kxd5 h4 52.Rf3+  1-0

[Event "Budapest IM-A"]
[Site "Budapest"]
[Date "1990.??.??"]
[Round "5"]
[White "Feher, Gyula"]
[Black "Stajcic, Nikola"]
[Result "1-0"]
[WhiteElo "2390"]
[BlackElo "2290"]

1.e4 c5 2.Nf3 e6 3.d4 cxd4 4.Nxd4 Nc6 5.Nc3 a6 6.Be2 Nxd4 7.Qxd4 b5 8.O-O Bb7
9.a3 Rc8 10.Bf4 d6 11.Bg3 Nf6 12.Rad1 e5 13.Qe3 Qa5 14.Bh4 Rxc3 15.bxc3 Nxe4
16.Bf3 f5 17.Bxe4 fxe4 18.Qh3 Qc7 19.Qe6+ Be7 20.Bxe7 Qxe7 21.Rxd6 Qxe6 22.Rxe6+ Kd7
23.Rxe5 Kd6 24.Rg5 g6 25.Rd1+ Ke6 26.Rc5 Rb8 27.c4 bxc4 28.Rxc4 Bd5 29.Rb4  1-0

[Event "Budapest Herbstlich"]
[Site "Budapest"]
[Date "1990.??.??"]
[Round "6"]
[White "Zakic, Srdjan"]
[Black "Fominyh, Alexander"]
[Result "1/2-1/2"]
[WhiteElo "2425"]
[BlackElo "2530"]

1.e4 c5 2.Nf3 e6 3.d4 cxd4 4.Nxd4 Nc6 5.Nc3 a6 6.Be2 Qc7 7.O-O Bc5 8.Be3 Nce7
9.e5 b6 10.f4 Bb7 11.Bf3 Nh6 12.Kh1 O-O 13.Qd3 Bxf3 14.Rxf3 d5 15.Nce2 Nhf5
16.Rh3 Bxd4 17.Bxd4 Ng6 18.c3 Rfc8 19.g4 Nxd4 20.Nxd4 b5 21.Re1 b4 22.Qg3 bxc3
23.bxc3 Rab8 24.f5 Nf8 25.Qh4 Qa5 26.fxe6 fxe6 27.Rf1 Re8 28.Nc6 Qb5 29.Rxf8+ Kxf8
30.Rf3+ Kg8 31.Nxb8 Qxb8 32.Qh5 Qb1+ 33.Kg2 Qc2+ 34.Rf2 Qe4+ 35.Kg1 g6 36.Qg5 Rb8
37.h3 d4 38.Kh2 dxc3  1/2-1/2

[Event "Buenos Aires"]
[Site "Buenos Aires"]
[Date "1990.??.??"]
[Round "1"]
[White "Van Riemsdijk, Herman C"]
[Black "Sunye Neto, Jaime"]
[Result "0-1"]
[WhiteElo "2400"]
[BlackElo "2470"]

1.e4 c5 2.Nf3 e6 3.d4 cxd4 4.Nxd4 Nc6 5.Nc3 d6 6.g3 Bd7 7.Bg2 Nf6 8.O-O a6
9.Re1 Be7 10.Nxc6 Bxc6 11.e5 dxe5 12.Bxc6+ bxc6 13.Qf3 Nd5 14.Rxe5 O-O 15.Bd2 Qb6
16.Rb1 Rad8 17.Na4 Qd4  0-1

[Event "Buenos Aires op"]
[Site "Buenos Aires"]
[Date "1990.??.??"]
[Round "1"]
[White "Cid, Marino Alejandro"]
[Black "Bronstein, Luis"]
[Result "1-0"]
[WhiteElo "2315"]
[BlackElo "2390"]

1.e4 c5 2.Nf3 e6 3.d4 cxd4 4.Nxd4 Nc6 5.Nc3 a6 6.Be3 Nf6 7.Qd2 Bb4 8.f3 d5
9.a3 Ba5 10.Nb3 Bb6 11.Bxb6 Qxb6 12.exd5 exd5 13.Nxd5 Nxd5 14.Qxd5 O-O 15.O-O-O Rd8
16.Qc5 Rxd1+ 17.Kxd1 Qd8+ 18.Bd3 Be6 19.Nd2 Rc8 20.Re1 Qh4 21.Ne4 h6 22.g3 Qd8
23.Qd6 Qa5 24.Nc5 Nd4 25.Qxd4 Qxc5 26.Qxc5 Rxc5 27.Kd2 Kf8 28.f4 Rh5 29.h4 Rd5
30.c4 Rd8 31.Kc3 a5 32.Re5 b6 33.Rb5 Rd6 34.c5 bxc5 35.Rxa5 Rc6 36.Bc4 Ke7
37.Bxe6 Kxe6 38.Kc4  1-0